CLARKS POCKET HB. OF RADIOGRAPHERS (Record no. 14581)

MARC details
000 -LEADER
fixed length control field 00306nam a22001337a 4500
003 - CONTROL NUMBER IDENTIFIER
control field SGT
082 ## - DEWEY DECIMAL CLASSIFICATION NUMBER
Classification number 616.0757
Item number C17W
100 ## - MAIN ENTRY--PERSONAL NAME
Personal name WHITLEY A. STEWART
245 ## - TITLE STATEMENT
Title CLARKS POCKET HB. OF RADIOGRAPHERS
260 ## - PUBLICATION, DISTRIBUTION, ETC. (IMPRINT)
Place of publication, distribution, etc LONDON
Name of publisher, distributor, etc CRC PRESS
Year of Publication 2017
300 ## - PAGE DESCRIPTION
No. of Pages 252
650 ## - SUBJECT ADDED ENTRY--TOPICAL TERM
Topical term or geographic name as entry element RADIOLOGY
942 ## - ADDED ENTRY ELEMENTS (KOHA)
Source of classification or shelving scheme Dewey Decimal Classification
Koha item type Books
942 ## - ADDED ENTRY ELEMENTS (KOHA)
-- 6
Holdings
Withdrawn status Lost status Source of classification or shelving scheme Damaged status Not for loan Collection code Home library Current library Shelving location Date acquired Vendor Name SGTU Total Checkouts Full call number Accession No. (Barcode) Date last seen Date last borrowed Bill Date Koha item type
    Dewey Decimal Classification     MEDICAL SGT Medical Library SGT Medical Library Text Book 17/01/2018 ABC SGTU 2 616.0757 C17W FM9392 08/11/2018 25/10/2018 17/01/2018 Books